Bratislava - MČ Ružinov - rozvojové územie - areál Slovnaft
Guardado en:
| Autor principal: | |
|---|---|
| Otros Autores: | |
| Formato: | Manuscrito Libro |
| Lenguaje: | eslovaco |
| Publicado: |
Bratislava
2015
|
| Materias: | |
| Acceso en línea: | http://is.stuba.sk/zp/portal_zp.pl?podrobnosti=112427 |
| Etiquetas: |
Sin Etiquetas, Sea el primero en etiquetar este registro!
|
MARC
| LEADER | 00000ntm a22000003a 4500 | ||
|---|---|---|---|
| 001 | stuzp51476 | ||
| 003 | SK-STU | ||
| 005 | 20210308083254.6 | ||
| 007 | ta | ||
| 008 | 150427s2015----xo-----f-mn---000-0-slo-d | ||
| 040 | |a STU |b slo | ||
| 041 | 0 | |a slo | |
| 100 | 1 | |a Katona, Mária, |d 1988- |u 056160 |4 aut |U FAD Fakulta architektúry a dizajnu |U FAD Fakulta architektúry |T FA Ústav urbanizmu a územného plánovania |X 57934 |U A6160 |Y 397 |7 A000057934 | |
| 242 | 0 | 1 | |a Development of the entry refinery area of Slovnaft, Bratislava |y eng |
| 245 | 1 | 0 | |a Bratislava - MČ Ružinov - rozvojové územie - areál Slovnaft |
| 260 | |c 2015 |a Bratislava | ||
| 650 | 4 | |a transformácia |2 slo | |
| 650 | 4 | |a rekreácia |2 slo | |
| 650 | 4 | |a Slovnaft |2 slo | |
| 650 | 4 | |a Malý Dunaj |2 slo | |
| 650 | 4 | |a transformation |2 eng | |
| 650 | 4 | |a Slovnaft |2 eng | |
| 650 | 4 | |a Little Danube |2 eng | |
| 650 | 4 | |a recreation |2 eng | |
| 700 | 1 | |a Čúrna, Janka, |d 1952- |4 ths |X 461 |7 A000000461 | |
| 856 | 4 | |u http://is.stuba.sk/zp/portal_zp.pl?podrobnosti=112427 |u https://opac.crzp.sk/?fn=detailBiblioForm&sid=A7BD2F096A49022F25C89437FE46 | |
| SQL | |a stuzp51476 |b DDP |c SLO |d Bratislava - MČ Ružinov - rozvojové územie - areál Slovnaft |e 57934 |f Katona, Maria |g 056160 |h 461 |i Čúrna, Janka |j 20150604 |k 159 |l 05 |m http://is.stuba.sk/zp/portal_zp.pl?podrobnosti=112427 |n I-URB |o 5.1.1. architektúra a urbanizmus | ||